000 00788nam a2200265Ia 4500
003 OSt
005 20221005060218.0
006 a|||||r|||| 00| 0
007 ta
008 221004b |||||||| |||| 00| 0 eng d
024 _a40230
037 _cTextual
040 _aCRL
_cCRL
_beng
041 _2eng
_aeng
082 _aO111,1L70:g(G:55), N1
100 _aBate Jonathan
110 _aGift from Prof Amitava Banerjee, London
245 0 _aRomantic ecology
_b Wordsworth and the environmental tradition
260 _aLondon
_bRoultedge UK
_c1991
300 _a131p.
_ccm.
650 _aENGLISH LITERATURE
700 _aGift from Prof Amitava Banerjee, London
942 _hO111,1L70:g(G:55), N1
_cTEXL
_2cc
999 _c966364
_d966364